| 000 | 00729nam a22002177a 4500 | ||
|---|---|---|---|
| 999 |
_c622 _d622 |
||
| 003 | AR-CdUCM | ||
| 008 | 190225b ||||| |||| 00| 0 spa d | ||
| 040 |
_aMUNICIPALIDAD PROVINCIAL DEL CUSCO _cBIBLIOTECA MUNICIPAL DEL CUSCO |
||
| 082 |
_a839 / _bAL36 |
||
| 100 |
_aAlcázar Velasco, Raúl _92424 |
||
| 245 |
_aTránsito de sombras / _cAlcázar Velasco, Raúl |
||
| 260 |
_aLa paz : _bServicio grafico quipus, _c1988. |
||
| 300 |
_a92 paginas ; _c20 cm. |
||
| 505 | _aPrologo -- Desagravio -- Pesadilla -- Visiones de un vagabundo | ||
| 650 |
_aVisiones _92425 |
||
| 650 |
_aCuentos _9217 |
||
| 650 |
_aEl mundo de los gusanos _92426 |
||
| 650 |
_aLa vieja casilla _92427 |
||
| 942 |
_2ddc _cLIBROS |
||
| 945 |
_apjha _d2019-02-25 |
||